000 00625nam a2200193 i 4500
001 32828
003 ES-MaACL
005 20230906154637.0
007 t|
008 030131s1970 sp ||||1| spa d
100 1 _aBenito Ruano, Eloy.
_927689
245 1 0 _aRelojes y relojeros del Ayuntamiento de Madrid en el siglo XVIII /
_cEloy Benito Ruano.
260 _aMadrid :
_b[s.n.,
_c1970] (
_fRaycar)
300 _a9 p. ;
_c24 cm.
595 _aSeparata de: Anales del Instituto de Estudios MadrileƱos, t. VI.
650 0 0 _aRelojes-
_zMadrid.
_916841
650 4 _aRelojeros-
_zMadrid.
_9171001
852 _aES-MaACL
_j2094-F-35
999 _c32828
_d32828